000 01249nam a22003497i 4500
003 DO-SdBNP
005 20231005132903.0
006 a||||gr|||| 00| 0
007 ta
008 231004t2015 gt ||||| |||| 00| p spa d
020 _a9789929559707
040 _aDO-SdBNP
_bspa
_cBNPHU
_erda
082 4 _aG861.5
_bG643t
_222
100 1 _aGonzález, Wingston
_d1986-
_984397
245 1 0 _aTraslaciones /
_cWington González
264 4 _aGuatemala :
_bCultura,
_c2015
300 _a61 páginas ;
_c21 cm.
336 _2rdacontent
_atexto
_btxt
337 _2rdamedia
_asin mediación
_bn
338 _2rdacarrier
_avolumen
_bnc
490 1 _aPremio Mesoamericano de Poesía ¨Luis Cardozo y Aragón¨ 2015
490 1 _aPoesía
500 _aIncluye datos biográficos de la autora en las solapas de las cubiertas
500 _aIncluye bibliografía y notas al pie de páginas
586 _aX Premio Mesoamérica de Poesía "Luis Cardoza y Aragón".
590 _aInventariado 2023 / MF
650 4 _aPoesía guatemalteca
_914068
650 4 _aLiteratura guatemalteca
_95393
830 0 _aPremio Mesoamericano de Poesía ¨Luis Cardozo y Aragón¨ 2015
_pPoesía
_984398
910 _aValidado. Control de calidad MFF
942 _2ddc
_cLBS1
999 _c55085
_d55085